Eating disorders : obesity, anorexia nervosa, and the person within = Trastornos de la conducta alimentaria: obesidad, anorexia nerviosa, y la persona withn /
Αποθηκεύτηκε σε:
| Κύριος συγγραφέας: | |
|---|---|
| Μορφή: | Άγνωστο |
| Γλώσσα: | English |
| Έκδοση: |
New York :
Basic Books,
[1973].
|
| Θέματα: | |
| Ετικέτες: |
Προσθήκη ετικέτας
Δεν υπάρχουν, Καταχωρήστε ετικέτα πρώτοι!
|
MARC
| LEADER | 000000000a22000000004500 | ||
|---|---|---|---|
| 001 | 011630 | ||
| 020 | |a 0465017843 | ||
| 041 | 0 | |a eng | |
| 082 | 0 | 4 | |a 616.398 |b B887e |
| 100 | 1 | |a Bruch, Hilde | |
| 245 | 1 | 0 | |a Eating disorders : |b obesity, anorexia nervosa, and the person within = Trastornos de la conducta alimentaria: obesidad, anorexia nerviosa, y la persona withn / |c Hilde Bruch. |
| 246 | 3 | 1 | |a Trastornos de la conducta alimentaria: obesidad, anorexia nerviosa, y la persona withn |
| 260 | 1 | |a New York : |b Basic Books, |c [1973]. | |
| 300 | |a x, 396 páginas ; |c 25 cm. | ||
| 650 | 4 | |a OBECIDAD | |
| 650 | 4 | |a ASPECTOS PSICOLOGICOS | |
| 650 | 4 | |a ANOREXIA NERVIOSA | |
| 500 | |a Colección George Yúdice | ||
| 999 | |c 17665 |d 17665 | ||
| 942 | |c BK |h 616.398 B887e |2 z | ||



